Sumer, Assur, Babylon (Record no. 10010)

MARC details
000 -CABECERA
campo de control de longitud fija 00921nam a2200265 a 4500
001 - NÚMERO DE CONTROL
campo de control BRL_1198
005 - FECHA Y HORA DE LA ÚLTIMA TRANSACCIÓN
campo de control 20190320211058.0
008 - DATOS DE LONGITUD FIJA--INFORMACIÓN GENERAL
campo de control de longitud fija 271113s1978----gw-a#####c---#000-0#ger-#
020 ## - NÚMERO INTERNACIONAL ESTÁNDAR DEL LIBRO
Número Internacional Estándar del Libro 3805303858
041 ## - CÓDIGO DE LENGUA
Código de lengua del texto/banda sonora o título independiente ger
044 ## - CÓDIGO DEL PAÍS DE LA ENTIDAD EDITORA/PRODUCTORA
Código MARC del país ger
050 #4 - SIGNATURA TOPOGRÁFICA DE LA BIBLIOTECA DEL CONGRESO
Número de clasificación DS69.A2
Número de documento/Ítem .S86 1978
245 10 - MENCIÓN DE TÍTULO
Título Sumer, Assur, Babylon
Resto del título Sieben Jahrtausende Kunst und Kultur an Euphrat und Tigris
Mención de responsabilidad, etc. [Redaktion, Eva Strommenger ; Autoren, Karin Adahl...[et al.] ; Übersetzungen, Yvette Mottier].
260 ## - PUBLICACIÓN, DISTRIBUCIÓN, ETC.
Lugar de publicación, distribución, etc. Mainz/Rhein
Nombre del editor, distribuidor, etc. Philipp von Zabern
Fecha de publicación, distribución, etc. 1978
300 ## - DESCRIPCIÓN FÍSICA
Extensión 228 p.
Otras características físicas il. (algunas a color) mapas
Dimensiones 23 cm.
500 ## - NOTA GENERAL
Nota general Au1394
650 14 - PUNTO DE ACCESO ADICIONAL DE MATERIA--TÉRMINO DE MATERIA
Término de materia o nombre geográfico como elemento de entrada Arte
Subdivisión de forma Catálogos
Subdivisión geográfica Irak
9 (RLIN) 26083
651 #4 - PUNTO DE ACCESO ADICIONAL DE MATERIA--NOMBRE GEOGRÁFICO
Nombre geográfico Irak
Subdivisión de forma Catálogos
Subdivisión general Antigüedades
9 (RLIN) 26084
700 1# - PUNTO DE ACCESO ADICIONAL--NOMBRE DE PERSONA
Nombre de persona Strommenger, Eva
9 (RLIN) 26085
700 1# - PUNTO DE ACCESO ADICIONAL--NOMBRE DE PERSONA
Nombre de persona Adahl, Karin
9 (RLIN) 26086
700 1# - PUNTO DE ACCESO ADICIONAL--NOMBRE DE PERSONA
Nombre de persona Mottier, Yvette
9 (RLIN) 26087
710 2# - PUNTO DE ACCESO ADICIONAL--NOMBRE DE ENTIDAD CORPORATIVA
Nombre de entidad corporativa o nombre de jurisdicción como elemento de entrada Museum für Vor-und Frühgeschichte (Berlín)
9 (RLIN) 26088
902 ## - CATALOGADOR
Iniciales GRL
942 ## - ELEMENTOS DE PUNTO DE ACCESO ADICIONAL (KOHA)
Fuente del sistema de clasificación o colocación Library of Congress Classification
Tipo de ítem Koha Libros
Holdings
Estado de retiro Estado de pérdida Estado dañado No para préstamo Localización permanente Ubicación/localización actual Fecha de adquisición Número de inventario Total de préstamos Signatura topográfica completa Código de barras Fecha visto por última vez Precio válido a partir de Tipo de ítem Koha
El ejemplar forma parte de la colección y puede ser consultado según las políticas vigentes.       Biblioteca Centro de Estudios Ruth D. Lechuga Biblioteca Centro de Estudios Ruth D. Lechuga 27/11/2013 Au1394   DS69.A2 .S86 1978 (Au1394) GRL01315 22/03/2019 22/03/2019 Libros